नाटक और रंगमंच / (Record no. 120148)

MARC details
000 -LEADER
fixed length control field 01123nam a22002657a 4500
005 - DATE AND TIME OF LATEST TRANSACTION
control field 20170124103153.0
010 ## - LIBRARY OF CONGRESS CONTROL NUMBER
LC control number A-244772
020 ## - INTERNATIONAL STANDARD BOOK NUMBER
Terms of availability 60.00
035 ## - SYSTEM CONTROL NUMBER
System control number A-244772
037 ## - SOURCE OF ACQUISITION
Source of stock number/acquisition Cen Lib/Ret
040 ## - CATALOGING SOURCE
Original cataloging agency DPL
Language of cataloging HN
082 ## - DEWEY DECIMAL CLASSIFICATION NUMBER
Classification number 792.01
Item number नाटक
245 ## - TITLE STATEMENT
Title नाटक और रंगमंच /
Statement of responsibility, etc संपादक ललित कुमार शर्मा [एवं] भानु शंकर मेहता
246 ## - VARYING FORM OF TITLE
Title proper/short title Natak aur rangmanch /
Remainder of title sampadak lalit Kumar Sharma [evam] Bhanu Shankar Mehta
260 ## - PUBLICATION, DISTRIBUTION, ETC. (IMPRINT)
Name of publisher, distributor, etc प्रभा प्रकाशन
Place of publication, distribution, etc इलाहाबाद
Date of publication, distribution, etc 1985
270 ## - ADDRESS
Address 72, पूराबल्दी, कीटगंज
City इलाहाबाद
Postal code 211003
300 ## - PHYSICAL DESCRIPTION
Extent 165पृ.
Dimensions 20सेमी (सजिल्द)
650 ## - SUBJECT ADDED ENTRY--TOPICAL TERM
Topical term or geographic name as entry element रंगमच
9 (RLIN) 88764
650 ## - SUBJECT ADDED ENTRY--TOPICAL TERM
Topical term or geographic name as entry element नाटक
9 (RLIN) 88765
650 ## - SUBJECT ADDED ENTRY--TOPICAL TERM
Topical term or geographic name as entry element Onstage.This
9 (RLIN) 88766
650 ## - SUBJECT ADDED ENTRY--TOPICAL TERM
Topical term or geographic name as entry element drama
9 (RLIN) 88767
700 ## - ADDED ENTRY--PERSONAL NAME
Personal name शर्मा, ललित कुमार
9 (RLIN) 9532
700 ## - ADDED ENTRY--PERSONAL NAME
Personal name मेहता, भानु शंकर
9 (RLIN) 88768
942 ## - ADDED ENTRY ELEMENTS (KOHA)
Source of classification or shelving scheme Dewey Decimal Classification
Koha item type Hindi Books
Classification part 792.01
Call number suffix नाटक
Holdings
Withdrawn status Lost status Damaged status Not for loan Home library Current library Date acquired Source of acquisition Cost, normal purchase price Total Checkouts Full call number Barcode Date last seen Date checked out Copy number Cost, replacement price Price effective from Koha item type
        Central Library Central Library 21/09/2015 Cen Lib/Ref 60.00 1 792.01 नाटक A-244772 21/06/2018 09/06/2018 1 60.00 21/09/2015 Hindi Books

© Delhi Public Library
Hit Counter
free hit counter